<?xml version="1.0" encoding="UTF-8"?>
<record
    xmlns:xsi="http://www.w3.org/2001/XMLSchema-instance"
    xsi:schemaLocation="http://www.loc.gov/MARC21/slim http://www.loc.gov/standards/marcxml/schema/MARC21slim.xsd"
    xmlns="http://www.loc.gov/MARC21/slim">

  <leader>02746njm a2200433Ia 4500</leader>
  <controlfield tag="001">25669</controlfield>
  <controlfield tag="003">IT-RoPAU</controlfield>
  <controlfield tag="005">20220918181111.0</controlfield>
  <controlfield tag="008">131025s9999    xx            000 0 und d</controlfield>
  <datafield tag="040" ind1=" " ind2=" ">
    <subfield code="a">IT-RoPAU</subfield>
  </datafield>
  <datafield tag="040" ind1=" " ind2=" ">
    <subfield code="c">IT-RoPAU</subfield>
  </datafield>
  <datafield tag="041" ind1=" " ind2=" ">
    <subfield code="a">ITALIANO</subfield>
  </datafield>
  <datafield tag="999" ind1=" " ind2=" ">
    <subfield code="c">99025</subfield>
    <subfield code="d">99025</subfield>
  </datafield>
  <datafield tag="999" ind1=" " ind2=" ">
    <subfield code="b">n.d.</subfield>
  </datafield>
  <datafield tag="100" ind1=" " ind2=" ">
    <subfield code="a">AA.VV.</subfield>
    <subfield code="9">794</subfield>
  </datafield>
  <datafield tag="100" ind1=" " ind2=" ">
    <subfield code="e">Autore musica</subfield>
    <subfield code="9">13367</subfield>
  </datafield>
  <datafield tag="100" ind1=" " ind2=" ">
    <subfield code="g">Codice autore musica SPICS: 12000</subfield>
    <subfield code="9">796</subfield>
  </datafield>
  <datafield tag="245" ind1=" " ind2=" ">
    <subfield code="a">Roma canta</subfield>
  </datafield>
  <datafield tag="250" ind1=" " ind2=" ">
    <subfield code="a">1a ed.</subfield>
  </datafield>
  <datafield tag="260" ind1=" " ind2=" ">
    <subfield code="a">MILANO</subfield>
  </datafield>
  <datafield tag="260" ind1=" " ind2=" ">
    <subfield code="b">JOKER - W. GURTLER</subfield>
    <subfield code="c">1968 [1a Ed.:1968 - Ed. Lingua Orig.: 1968]</subfield>
  </datafield>
  <datafield tag="300" ind1=" " ind2=" ">
    <subfield code="a">DISCO</subfield>
  </datafield>
  <datafield tag="300" ind1=" " ind2=" ">
    <subfield code="c">38 minuti (Testo:  pag.)</subfield>
  </datafield>
  <datafield tag="500" ind1=" " ind2=" ">
    <subfield code="a">Canzone italiana popolare. Stornelli romaneschi. Ritornelli. Arrangiamento</subfield>
  </datafield>
  <datafield tag="505" ind1=" " ind2=" ">
    <subfield code="a">La societ&#xE0; dei magnaccioni (3:00) - La povera Cecilia (3:00) - Maremma (3:00) - Stornelli di Porta Romana (4:00) - Sciuri sciuri (3:00) - Alla renella (4:00) - Vitti 'na crozza (3:00) - Barcarolo romano(6:00) - Aritornelli romaneschi (4:00) - La gente di campagna (4:00) - Si no me moro (4:00) - E' tutta robba mia (2:00)</subfield>
  </datafield>
  <datafield tag="650" ind1=" " ind2=" ">
    <subfield code="a">CANZONE ITALIAN [DISCHI]</subfield>
    <subfield code="e">Codice MATERIA SPICS: 9950</subfield>
    <subfield code="9">13368</subfield>
  </datafield>
  <datafield tag="700" ind1=" " ind2=" ">
    <subfield code="a">Ferri Gabriella</subfield>
    <subfield code="e">Interprete</subfield>
    <subfield code="g">Codice interprete SPICS: 11544</subfield>
    <subfield code="9">13369</subfield>
  </datafield>
  <datafield tag="700" ind1=" " ind2=" ">
    <subfield code="a">Ferri Gabriella</subfield>
    <subfield code="g">Codice autore testo/musica SPICS: 11544</subfield>
    <subfield code="e">Autore testo/musica</subfield>
    <subfield code="9">13370</subfield>
    <subfield code="p">La societ&#xE0; dei magnaccioni - La povera Cecilia - Maremma - Stornelli di Porta Romana - Sciuri sciuri - Alla renella - Vitti 'na crozza - Aritornelli romaneschi</subfield>
  </datafield>
  <datafield tag="700" ind1=" " ind2=" ">
    <subfield code="a">De Santis Pisu</subfield>
    <subfield code="g">Codice autore musica SPICS: 16142</subfield>
    <subfield code="e">Autore musica</subfield>
    <subfield code="p">La societ&#xE0; dei magnaccioni - La povera Cecilia - Maremma - Stornelli di Porta Romana - Sciuri sciuri - Alla renella - Vitti 'na crozza</subfield>
    <subfield code="9">13371</subfield>
  </datafield>
  <datafield tag="700" ind1=" " ind2=" ">
    <subfield code="a">Leoni Ezio</subfield>
    <subfield code="g">Codice autore SPICS: 16082</subfield>
    <subfield code="e">Autore</subfield>
    <subfield code="p">Maremma - Stornelli di Porta Romana - Aritornelli romaneschi</subfield>
    <subfield code="9">13372</subfield>
  </datafield>
  <datafield tag="700" ind1=" " ind2=" ">
    <subfield code="a">Balzani Romolo</subfield>
    <subfield code="g">Codice autore musica SPICS: 13637</subfield>
    <subfield code="e">Autore musica</subfield>
    <subfield code="p">Barcarolo romano</subfield>
    <subfield code="9">13373</subfield>
  </datafield>
  <datafield tag="700" ind1=" " ind2=" ">
    <subfield code="a">Pizzicaria Pio</subfield>
    <subfield code="g">Codice autore testo/musica SPICS: 13639</subfield>
    <subfield code="e">Autore testo/musica</subfield>
    <subfield code="p">Barcarolo romano</subfield>
    <subfield code="9">13374</subfield>
  </datafield>
  <datafield tag="700" ind1=" " ind2=" ">
    <subfield code="a">Pallavicini Vito</subfield>
    <subfield code="g">Codice autore musica SPICS: 13656</subfield>
    <subfield code="e">Autore musica</subfield>
    <subfield code="p">La gente di campagna</subfield>
    <subfield code="9">13375</subfield>
  </datafield>
  <datafield tag="700" ind1=" " ind2=" ">
    <subfield code="a">Alessandroni Alessandro</subfield>
    <subfield code="g">Codice autore SPICS: 13760</subfield>
    <subfield code="e">Autore</subfield>
    <subfield code="p">La gente di campagna</subfield>
    <subfield code="9">13376</subfield>
  </datafield>
  <datafield tag="700" ind1=" " ind2=" ">
    <subfield code="a">Marchetti P.</subfield>
    <subfield code="g">Codice autore testo/musica SPICS: 14237</subfield>
    <subfield code="e">Autore testo/musica</subfield>
    <subfield code="p">La gente di campagna</subfield>
    <subfield code="9">13377</subfield>
  </datafield>
  <datafield tag="700" ind1=" " ind2=" ">
    <subfield code="a">Rustichelli Carlo</subfield>
    <subfield code="g">Codice autore testo/musica SPICS: 1758</subfield>
    <subfield code="e">Autore testo/musica</subfield>
    <subfield code="p">Si no me moro</subfield>
    <subfield code="9">13378</subfield>
  </datafield>
  <datafield tag="700" ind1=" " ind2=" ">
    <subfield code="a">De Chiara G.</subfield>
    <subfield code="g">Codice autore musica SPICS: 16143</subfield>
    <subfield code="e">Autore musica</subfield>
    <subfield code="p">E' tutta robba mia</subfield>
    <subfield code="9">13379</subfield>
  </datafield>
  <datafield tag="700" ind1=" " ind2=" ">
    <subfield code="a">Morricone Ennio</subfield>
    <subfield code="g">Codice autore testo/musica SPICS:  3535</subfield>
    <subfield code="e">Autore testo/musica</subfield>
    <subfield code="p">E' tutta robba mia</subfield>
    <subfield code="9">13380</subfield>
  </datafield>
  <datafield tag="942" ind1=" " ind2=" ">
    <subfield code="c">MD</subfield>
    <subfield code="2">ddc</subfield>
  </datafield>
  <datafield tag="952" ind1=" " ind2=" ">
    <subfield code="0">0</subfield>
    <subfield code="1">0</subfield>
    <subfield code="4">0</subfield>
    <subfield code="6">25669_000000000000000</subfield>
    <subfield code="7">1</subfield>
    <subfield code="a">SPICS</subfield>
    <subfield code="b">SPICS</subfield>
    <subfield code="d">2013-10-25</subfield>
    <subfield code="l">0</subfield>
    <subfield code="o">25669</subfield>
    <subfield code="r">2013-10-25 00:00:00</subfield>
    <subfield code="w">2013-10-25</subfield>
    <subfield code="y">MD</subfield>
    <subfield code="z">Progr. Ins.: 5543 / N.Vol.: 1 / Copie: 1 - Copia rara: n.d. / date import: 01.01.2014 - By Epidotti, Trombetti, Vaglietti</subfield>
  </datafield>
</record>
